Chozjajstvennyj mechanizm i prirodopol'zovanije

Na minha lista:
Detalhes bibliográficos
Autor principal: Nemčenko, Valerij Viktorovič
Formato: Livro
Idioma:russo
Publicado em: Moskva Agropromizdat 1988
Edição:1. izd.
Tags: Adicionar Tag
Sem tags, seja o primeiro a adicionar uma tag!

MARC

LEADER 00000nam a2200000 4500
001 c034350
005 20221219124950.9
041 0 |a rus 
044 |a RU 
245 1 0 |a Chozjajstvennyj mechanizm i prirodopol'zovanije  |c Valerij Viktorovič Nemčenko 
250 |a 1. izd. 
264 1 |a Moskva  |b Agropromizdat  |c 1988 
300 |a 125 s. 
100 1 |a Nemčenko, Valerij Viktorovič